Inventario del Archivo Parroquial de San Francisco de Asís, Tepexoxuca, Estado de México, Arquidiócesis de Toluca

Detalles Bibliográficos
Autor principal: Ornelas Méndez, Candy Elizabeth
Formato: Libro
Lenguaje:English
Publicado: México 2020
Serie editorial:Inventarios civiles y eclesiásticos
Materias:
Colección:Publicaciones Adabi
Descripción Física:Digital
Tema general:Instrumento de descripción archivística
Notas:Los documentos históricos del Archivo Parroquial de San Francisco de Asís Tepexoxuca están organizados en dos secciones, sacramental y disciplinar. Los libros de la Sección Sacramental contienen registros de indios, españoles y “demás castas” e incluyen partidas de los pueblos San Pedro Zictepec y Santa María Joquicingo. Los documentos se resguardan en 38 cajas archivadoras AG-12, con documentos que datan de 1637 a 1980.
Acceso en línea:
LEADER 01226nam a22002057a 4500
005 20250616131340.0
008 250603b |||||||| |||| 00| 0 eng d
040 |a Adabi  |b Spa  |e MARC 
041 |a Spa 
100 |a Ornelas Méndez, Candy Elizabeth 
245 |a Inventario del Archivo Parroquial de San Francisco de Asís, Tepexoxuca, Estado de México, Arquidiócesis de Toluca 
260 |a México  |b Adabi de México / Fundación Alfredo Harp Helú  |c 2020 
300 |b Digital 
490 |a Inventarios civiles y eclesiásticos  |b 409 
500 |a Los documentos históricos del Archivo Parroquial de San Francisco de Asís Tepexoxuca están organizados en dos secciones, sacramental y disciplinar. Los libros de la Sección Sacramental contienen registros de indios, españoles y “demás castas” e incluyen partidas de los pueblos San Pedro Zictepec y Santa María Joquicingo. Los documentos se resguardan en 38 cajas archivadoras AG-12, con documentos que datan de 1637 a 1980. 
650 |a Instrumento de descripción archivística 
856 |u https://file.adabi.org.mx/recursos/publicaciones/inventarios/eclesiasticos/409.pdf  |y Ver recurso 
942 |c ADABIPUB  |2 ddc 
943 |g Publicaciones Adabi 
999 |c 1197381  |d 1197381